000 00446nam a2200205Ia 4500
001 13817
003 GE_BSU
008 181216s||||||||xx |||||||||||||| ||und||
020 _a0747243123
040 _cGE_BSU
080 _a821.111-3
100 _aThompson,E.V.
245 _aMistress of polrudden.
260 _aLondon.
260 _bHeadline.
260 _c1993
300 _a601p;18cm.
653 _aMistress of polrudden.
942 _cBK
999 _c46963
_d46963